Представление документа в формате MARC21

ПолеНазваниеЗначение
  Тип записи a
  Библиографический уровень m
001 Контрольный номер RU/URAIT/584190
005 Дата корректировки 20260429163641.9
008 Кодируемые данные 260429s2026 RU y f j 000 0 rus u
020 Индекс ISBN __
a ISBN 978-5-534-19512-5
c Цена, тираж 759.00
040 Источник каталогиз. __
a Служба первич. каталог. ИКО Юрайт
c Служба, преобразующая запись ИКО Юрайт
e Правила каталог. RCR
041 Код языка издания __
a Код языка текста rus
044 Код страны публикации __
a Код страны публикации RU
080 Индекс УДК __
a Индекс УДК 332(075.32)
084 Индекс другой классификации/Индекс ББК __
2 Источник индекса rubbk
a Индекс другой классификации/Индекс ББК 65.32-5я723
100 Автор __
a Автор Васильева Н. В.
q Полное имя Васильева Наталья Владимировна
245 Заглавие __
a Заглавие Кадастровый учет и кадастровая оценка земель
b Продолж. заглавия учебник для спо
c Ответственность Н. В. Васильева.
250 Сведения об издании __
g пер. и доп
a Основные сведения об издании 3-е изд.
256 Характеристики компьютерного файла __
a Характеристики компьютерного файла Электрон. дан.
260 Выходные данные __
a Место издания Москва
b Издательство Юрайт
c Дата издания 2026
300 Физическое описание __
a Объем 140 с
440 Серия __
a Серия Профессиональное образование
500 Примечания __
a Примечание URL: https://urait.ru/bcode/584190 (дата обращения: 29.04.2026).
520 Аннотация __
a Аннотация В пособии раскрыты вопросы кадастрового учета и кадастровой оценки земель. Изложены экономико-правовые основы осуществления кадастровой деятельности, эволюция кадастрового учета земель в России и за рубежом, теоретические основы кадастровой и рыночной оценки земель. При изложении материала использованы современная терминология и методы, применяемые в рассматриваемой области знаний. Для лучшего усвоения материала в конце каждой темы представлен методический комплекс, включающий контрольные вопросы для проверки знаний, расчетные задачи, кейсы, темы для подготовки докладов. Соответствует актуальным требованиям федерального государственного образовательного стандарта среднего профессионального образования и профессиональным требованиям. Для студентов образовательных учреждений среднего профессионального образования, обучающихся по специальностям «Землеустройство и кадастры», а также «Экономика» и «Менеджмент» по профилям, связанным с экономикой и управлением недвижимостью.
538 Прим. о системных особенностях __
a Прим. о системных особенностях Режим доступа: Электронно-библиотечная система Юрайт, для авториз. пользователей
653 Ключевые слова __
a Ключевые слова Геодезия. Картография. Кадастры
653 Ключевые слова __
a Ключевые слова Технические науки
653 Ключевые слова __
a Ключевые слова Кадастры и кадастровая оценка земель
653 Ключевые слова __
a Ключевые слова Государственная кадастровая оценка земель и объектов недвижимости
653 Ключевые слова __
a Ключевые слова Информационные системы и технологии в кадастре
653 Ключевые слова __
a Ключевые слова Экономическое и правовое обеспечение кадастровых работ
653 Ключевые слова __
a Ключевые слова Ведение и развитие единого государственного реестра недвижимости, проведение кадастрового учета и регистрации прав на объекты недвижимого имущества
653 Ключевые слова __
a Ключевые слова Осуществление контроля использования и охраны земельных ресурсов и окружающей среды, мониторинг земель
653 Ключевые слова __
a Ключевые слова Управление деятельностью в сфере кадастрового учета
653 Ключевые слова __
a Ключевые слова Кадастровая оценка земель промышленности и иного специального назначения
653 Ключевые слова __
a Ключевые слова Операции с недвижимостью
653 Ключевые слова __
a Ключевые слова Вспомогательная деятельность в сфере государственного кадастрового учета и (или) государственной регистрации прав на объекты недвижимости, определения кадастровой стоимости
856 Электронный адрес документа 40
n Местонахождение сервера Юрайт
g Электронная книга
q Тип электронного формата html
h Имя пользователя ЮРАЙТ
v Часы доступа к ресурсу 20271231
2 Способ доступа Показать документ
x Служебное примечание https://urait.ru/book/cover/80BB5F45-D8AB-4D5C-92DD-281E3C9D4234
u URL https://urait.ru/bcode/584190
856 Электронный адрес документа 48
q Тип электронного формата cover
u URL https://urait.ru/book/cover/80BB5F45-D8AB-4D5C-92DD-281E3C9D4234
911 __
u 0030=https://urait.ru/bcode/584190
911 __
u 073a=9785534195125
u 073d=759.00
911 __
u 106a=s
911 __
u 900l=
952 Тип литературы __
i Дисциплина Кадастры и кадастровая оценка земель
952 Тип литературы __
i Дисциплина Государственная кадастровая оценка земель и объектов недвижимости
952 Тип литературы __
i Дисциплина Информационные системы и технологии в кадастре
952 Тип литературы __
i Дисциплина Экономическое и правовое обеспечение кадастровых работ
952 Тип литературы __
i Дисциплина Ведение и развитие единого государственного реестра недвижимости, проведение кадастрового учета и регистрации прав на объекты недвижимого имущества
952 Тип литературы __
i Дисциплина Осуществление контроля использования и охраны земельных ресурсов и окружающей среды, мониторинг земель
952 Тип литературы __
i Дисциплина Управление деятельностью в сфере кадастрового учета
952 Тип литературы __
i Дисциплина Кадастровая оценка земель промышленности и иного специального назначения
952 Тип литературы __
i Дисциплина Операции с недвижимостью
952 Тип литературы __
i Дисциплина Вспомогательная деятельность в сфере государственного кадастрового учета и (или) государственной регистрации прав на объекты недвижимости, определения кадастровой стоимости